Wisconsin City Names with 'WAU' Quiz Stats

 Plays Quiz not verified by Sporcle

Challenge
Share
Tweet
Embed
Score 0/11 Timer 03:00
0 Plays Today
% Correct
Wausau
85.2%
Waukesha
83.6%
Wauwatosa
78.7%
Milwaukee
67.2%
Waunakee
44.3%
Pewaukee
41%
Waupaca
38.5%
Wautoma
36.9%
Waupun
32%
Ashwaubenon
25.4%
South Milwaukee
23%

You're not logged in!

Compare scores with friends on all Sporcle quizzes.
OR
Log In

You Might Also Like...

Show Comments

Extras

Created Feb 19, 2013SourceReportNominate
Tags:Wisconsin Cities

Top Quizzes Today


Score Distribution

Your Account Isn't Verified!

In order to create a playlist on Sporcle, you need to verify the email address you used during registration. Go to your Sporcle Settings to finish the process.

Report this User

Report this user for behavior that violates our Community Guidelines.

Details: